| 000 | 01702nam0a2200397 4500 | ||
|---|---|---|---|
| 001 | RU\NLR\bibl\164146 | ||
| 005 | 20260406042923.0 | ||
| 010 |
_a5-87468-090-X _98000 |
||
| 021 |
_aRU _b2000-43610 _92016 |
||
| 035 | _a(NLR Aleph) 000161002 | ||
| 090 |
_a926044 _c926044 |
||
| 100 | _a20010320d2000 |||y0rusy50 ca | ||
| 101 | 0 | _arus | |
| 102 | _aRU | ||
| 105 | _ay ||||||||| | ||
| 200 | 1 | _aЗаписки и письма игумении Таисии настоятельницы Леушинского монастыря | |
| 210 |
_aМ. _cПаломникъ _d2000 |
||
| 215 |
_a430,[1] с. _d21 |
||
| 600 | 1 |
_aСолопова _bМ.В. _f1840 - 1915 _gМария Васильевна _92210094 _3RU\NLR\auth\661327664 |
|
| 600 | 0 |
_aТаисия _cСолопова, Мария Васильевна _f1840 - 1915 _92210090 _3RU\NLR\auth\661327662 |
|
| 610 | 0 | _aПравославная церковь в России - История, 19-20 вв. | |
| 610 | 0 | _aМонашество в России - История, 19-20 вв. | |
| 610 | 0 | _aМонастыри женские - История, 19-20 вв. | |
| 610 | 0 | _aЧереповецкий уезд, Новгор. губерния, христианство | |
| 675 |
_a281.93 _v3 _zrus |
||
| 686 |
_a21.15 _2rugasnti |
||
| 686 |
_a86.372 _2rubbk |
||
| 686 | _aЭ372.24-35-028 | ||
| 700 | 0 |
_4220 _8rus _7ca _aТаисия _cСолопова, Мария Васильевна _cигумения _f1840-1915 _3RU\NLR\AUTH\773062 _9113068 |
|
| 801 | 0 |
_aRU _bRKP _c20010320 _gPSBO |
|
| 801 | 1 |
_aRU _bRKP _c20010320 |
|
| 801 | 2 |
_aRU _bNLR _c20060908 _grcr |
|
| 942 | _cBOOK | ||
| 980 | _aNB | ||